00620nam a2200181Ia 4500020003600000020003900036020003200075020003500107040000800142082002600150100001900176245003100195260003800226300003300264500007800297650001200375856005100387 a3540301461 (English ed. : pbk.) a9783540301462 (English ed. : pbk.) a3827411718 (German 6th ed.) a9783827411716 (German 6th ed.) cDAY a612 SPR 2006 A106 Or.1 aFlindt, Rainer10aAmazing numbers in biology aBerlin :bSpringer-Verlag,cc2006 axiv, 295 p. :bill. ;c24 cm a"Translation of the 6th German Edition of Biologie in Zahlen"--T.p. verso 0aBiology40uhttp://rave.ohiolink.edu/ebooks/ebc/354030147X